<?xml version="1.0" encoding="UTF-8"?>
<record
    xmlns:xsi="http://www.w3.org/2001/XMLSchema-instance"
    xsi:schemaLocation="http://www.loc.gov/MARC21/slim http://www.loc.gov/standards/marcxml/schema/MARC21slim.xsd"
    xmlns="http://www.loc.gov/MARC21/slim">

  <leader>01102nam a22002417a 4500</leader>
  <controlfield tag="005">20111129144316.0</controlfield>
  <controlfield tag="008">111129t2004    ua||||| |||| 00| 0 ara d</controlfield>
  <datafield tag="020" ind1=" " ind2=" ">
    <subfield code="a">1571051473</subfield>
  </datafield>
  <datafield tag="082" ind1=" " ind2=" ">
    <subfield code="2">22</subfield>
    <subfield code="a">327.172</subfield>
    <subfield code="b">&#x62C; &#x64A; &#x631;</subfield>
  </datafield>
  <datafield tag="100" ind1=" " ind2=" ">
    <subfield code="9">27934</subfield>
    <subfield code="a">&#x62C;&#x64A;&#x631;&#x633;&#x648;&#x646;&#x60C; &#x622;&#x644;&#x627;&#x646;</subfield>
  </datafield>
  <datafield tag="245" ind1=" " ind2=" ">
    <subfield code="a">&#x62E;&#x635;&#x62E;&#x635;&#x629; &#x627;&#x644;&#x633;&#x644;&#x627;&#x645; &#x645;&#x646; &#x627;&#x644;&#x646;&#x632;&#x627;&#x639; &#x625;&#x644;&#x649; &#x627;&#x644;&#x623;&#x645;&#x646; /</subfield>
    <subfield code="c">&#x62A;&#x623;&#x644;&#x64A;&#x641; &#x622;&#x644;&#x627;&#x646; &#x62C;&#x64A;&#x631;&#x633;&#x648;&#x646; &#x61B; &#x62A;&#x631;&#x62C;&#x645;&#x629; &#x623;&#x633;&#x639;&#x62F; &#x62D;&#x644;&#x64A;&#x645;.</subfield>
  </datafield>
  <datafield tag="250" ind1=" " ind2=" ">
    <subfield code="a">&#x637;. 1.</subfield>
  </datafield>
  <datafield tag="260" ind1=" " ind2=" ">
    <subfield code="a">&#x627;&#x644;&#x642;&#x627;&#x647;&#x631;&#x629; :</subfield>
    <subfield code="b">&#x627;&#x644;&#x62C;&#x645;&#x639;&#x64A;&#x629; &#x627;&#x644;&#x645;&#x635;&#x631;&#x64A;&#x629; &#x644;&#x646;&#x634;&#x631; &#x627;&#x644;&#x645;&#x639;&#x631;&#x641;&#x629; &#x648;&#x627;&#x644;&#x62B;&#x642;&#x627;&#x641;&#x629; &#x627;&#x644;&#x639;&#x627;&#x644;&#x645;&#x64A;&#x629;&#x60C;</subfield>
    <subfield code="c">2004.</subfield>
  </datafield>
  <datafield tag="300" ind1=" " ind2=" ">
    <subfield code="a">243 &#x635;. &#x61B;</subfield>
    <subfield code="c">24 &#x633;&#x645;.</subfield>
  </datafield>
  <datafield tag="500" ind1=" " ind2=" ">
    <subfield code="a">&#x62A;&#x631;&#x62C;&#x645;&#x629; &#x644;&#x643;&#x62A;&#x627;&#x628;: Privatizing Peace: from Conflict to Security / by Allan Gerson and Nat J. Colletta</subfield>
  </datafield>
  <datafield tag="650" ind1=" " ind2=" ">
    <subfield code="9">16325</subfield>
    <subfield code="a">&#x627;&#x644;&#x633;&#x644;&#x627;&#x645; &#x627;&#x644;&#x639;&#x627;&#x644;&#x645;&#x64A;</subfield>
  </datafield>
  <datafield tag="650" ind1=" " ind2=" ">
    <subfield code="9">27936</subfield>
    <subfield code="a">&#x627;&#x644;&#x645;&#x646;&#x627;&#x632;&#x639;&#x627;&#x62A; &#x627;&#x644;&#x62F;&#x648;&#x644;&#x64A;&#x629;</subfield>
  </datafield>
  <datafield tag="653" ind1=" " ind2=" ">
    <subfield code="b">Pol</subfield>
    <subfield code="c">November2011</subfield>
  </datafield>
  <datafield tag="700" ind1=" " ind2=" ">
    <subfield code="9">27935</subfield>
    <subfield code="a">&#x62D;&#x644;&#x64A;&#x645;&#x60C; &#x623;&#x633;&#x639;&#x62F;</subfield>
  </datafield>
  <datafield tag="700" ind1=" " ind2=" ">
    <subfield code="9">28032</subfield>
    <subfield code="a">&#x643;&#x648;&#x644;&#x64A;&#x62A;&#x627; &#x60C; &#x646;&#x627;&#x62A; &#x62C;</subfield>
  </datafield>
  <datafield tag="942" ind1=" " ind2=" ">
    <subfield code="2">ddc</subfield>
    <subfield code="c">BB</subfield>
  </datafield>
  <datafield tag="999" ind1=" " ind2=" ">
    <subfield code="c">16275</subfield>
    <subfield code="d">16275</subfield>
  </datafield>
  <datafield tag="952" ind1=" " ind2=" ">
    <subfield code="0">0</subfield>
    <subfield code="1">0</subfield>
    <subfield code="2">ddc</subfield>
    <subfield code="4">0</subfield>
    <subfield code="7">0</subfield>
    <subfield code="8">Alef-Baa</subfield>
    <subfield code="a">MAIN</subfield>
    <subfield code="b">MAIN</subfield>
    <subfield code="c">1ST</subfield>
    <subfield code="d">2011-11-29</subfield>
    <subfield code="e">Purchase</subfield>
    <subfield code="o">327.172 &#x62C; &#x64A; &#x631;</subfield>
    <subfield code="p">000025741</subfield>
    <subfield code="r">2025-07-15 00:00:00</subfield>
    <subfield code="s">2025-02-20</subfield>
    <subfield code="y">BB</subfield>
  </datafield>
</record>
